[Event "Solingen it"]
[Site "Solingen GER"]
[Date "1974.07.??"]
[Round "6"]
[White "Honfi, Karoly"]
[Black "Hecht, Hans-Joachim"]
[Result "1/2-1/2"]
[WhiteElo "2470"]
[BlackElo "2515"]
[EventDate "1974.07.??"]
[PlyCount "74"]

1.e4 e6 2.d4 d5 3.e5 c5 4.c3 Qb6 5.Nf3 Bd7 6.Be2 Bb5 7.c4 Bxc4 8.Bxc4 dxc4
9.d5 exd5 10.Qxd5 Ne7 11.Qxc4 Qe6 12.Na3 Qxc4 13.Nxc4 Nec6 14.O-O Nd7 15.
Bf4 Nb6 16.Ne3 Rd8 17.Rfe1 Nd5 18.Bg5 Nxe3 19.Rxe3 Rd5 20.Kf1 Be7 21.Rc1 
b6 22.a3 Nd8 23.Bxe7 Kxe7 24.Nh4 g6 25.f4 Ne6 26.g3 Rhd8 27.Nf3 Rd1+ 28.
Rxd1 Rxd1+ 29.Kf2 Rb1 30.Re2 c4 31.Nd2 Rxb2 32.Nxc4 Rb3 33.Re3 Rb1 34.Nd6 
Rb2+ 35.Re2 Rb3 36.Re3 Rb2+ 37.Re2 1/2-1/2

[Event "Solingen it"]
[Site "Solingen GER"]
[Date "1974.07.??"]
[Round "6"]
[White "Eising, Johannes"]
[Black "Uhlmann, Wolfgang"]
[Result "0-1"]
[WhiteElo "2405"]
[BlackElo "2550"]
[EventDate "1974.07.??"]
[PlyCount "74"]

1.Nf3 g6 2.d4 Nf6 3.g3 Bg7 4.Bg2 O-O 5.O-O d6 6.Nc3 Nbd7 7.e4 e5 8.a4 c6 
9.a5 Re8 10.h3 Qc7 11.Re1 Nf8 12.Be3 Ne6 13.Re2 Bd7 14.b4 h6 15.dxe5 dxe5 
16.Rd2 Red8 17.Qe2 c5 18.bxc5 Nxc5 19.Qc4 Rac8 20.Nd5 Nxd5 21.Rxd5 b6 22.
Nd2 Re8 23.axb6 axb6 24.Bxc5 bxc5 25.Qa6 Be6 26.Rd3 c4 27.Rda3 Qd7 28.Nf1 
Bf8 29.Ra5 Bc5 30.c3 Bxh3 31.Bxh3 Qxh3 32.Qb7 Rb8 33.Qd5 Bxf2+ 34.Kxf2 
Rb2+ 35.Nd2 Qh2+ 36.Ke1 Qxg3+ 37.Kd1 Kg7 0-1

[Event "Solingen it"]
[Site "Solingen GER"]
[Date "1974.07.??"]
[Round "6"]
[White "Lehmann, Heinz"]
[Black "Liberzon, Vladimir"]
[Result "1/2-1/2"]
[WhiteElo "2395"]
[BlackElo "2515"]
[EventDate "1974.07.??"]
[PlyCount "38"]

1.e4 c5 2.f4 Nc6 3.Nf3 e6 4.Bb5 Nge7 5.O-O d6 6.Be2 d5 7.d3 g6 8.c3 Bg7 9.
Qc2 O-O 10.Be3 b6 11.a4 d4 12.Bf2 e5 13.cxd4 Nxd4 14.Nxd4 cxd4 15.Bg3 Be6 
16.Nd2 Rc8 17.Qd1 exf4 18.Bxf4 Nc6 19.Bg4 1/2-1/2

[Event "Solingen it"]
[Site "Solingen GER"]
[Date "1974.07.??"]
[Round "6"]
[White "Capelan, Guenther"]
[Black "Gerusel, Mathias"]
[Result "1/2-1/2"]
[WhiteElo "2410"]
[BlackElo "2420"]
[EventDate "1974.07.??"]
[PlyCount "114"]

1.e4 Nf6 2.e5 Nd5 3.d4 d6 4.Nf3 g6 5.Ng5 dxe5 6.dxe5 Bg7 7.Bc4 c6 8.Nc3 h6
9.Nf3 Nxc3 10.Qxd8+ Kxd8 11.bxc3 Bg4 12.Rb1 Kc7 13.Nd4 Bxe5 14.Bxf7 Bf5 
15.O-O Na6 16.Re1 Bd6 17.Be6 Bxe6 18.Nxe6+ Kc8 19.Bf4 b6 20.Rbd1 Kd7 21.
Bxd6 exd6 22.Nf4 g5 23.Ng6 Rh7 24.Re3 Rg8 25.Ne5+ Kc7 26.Ng4 Rg6 27.Rde1 
h5 28.Re7+ Rxe7 29.Rxe7+ Kd8 30.Rxa7 Nc7 31.Ne3 Kc8 32.c4 Rf6 33.g3 Kb8 
34.Ra3 Ne6 35.Kg2 g4 36.Rd3 Kc7 37.Nf1 Rf5 38.f4 Ra5 39.a3 Ng7 40.h3 gxh3+
41.Kxh3 Nf5 42.Ne3 Ne7 43.g4 hxg4+ 44.Kxg4 Rc5 45.f5 Nxf5 46.Nxf5 Rxc4+ 
47.Kf3 Rxc2 48.Nxd6 b5 49.Ke3 Rb2 50.Kd4 Rc2 51.Ne4 Rc4+ 52.Ke3 Kb6 53.Rd4
Rxd4 54.Kxd4 Ka5 55.Nc5 b4 56.a4 b3 57.Kc3 b2 1/2-1/2

[Event "Solingen it"]
[Site "Solingen GER"]
[Date "1974.07.??"]
[Round "7"]
[White "Liberzon, Vladimir"]
[Black "Kurajica, Bojan"]
[Result "0-1"]
[WhiteElo "2515"]
[BlackElo "2510"]
[EventDate "1974.07.??"]
[PlyCount "56"]

1.e4 c5 2.Nf3 Nc6 3.d4 cxd4 4.Nxd4 Qc7 5.Nc3 e6 6.Be2 a6 7.O-O Nf6 8.Be3 
Be7 9.f4 d6 10.Qe1 O-O 11.Qg3 Bd7 12.Nf3 Nb4 13.Nd4 b5 14.Rad1 Nc6 15.e5 
Ne8 16.Bd3 dxe5 17.Nxc6 Bxc6 18.fxe5 f5 19.exf6 Qxg3 20.hxg3 Nxf6 21.Be2 
b4 22.Nb1 Bb5 23.c4 bxc3 24.Nxc3 Bxe2 25.Nxe2 Ng4 26.Rxf8+ Rxf8 27.Rd7 Rf7
28.Bd4 e5 0-1

[Event "Solingen it"]
[Site "Solingen GER"]
[Date "1974.07.??"]
[Round "7"]
[White "Szabo, Laszlo"]
[Black "Eising, Johannes"]
[Result "1/2-1/2"]
[WhiteElo "2555"]
[BlackElo "2405"]
[EventDate "1974.07.??"]
[PlyCount "60"]

1.e4 c5 2.Nf3 e6 3.d4 cxd4 4.Nxd4 Nf6 5.Nc3 d6 6.g4 h6 7.Bg2 Nc6 8.h3 Bd7 
9.Nde2 Be7 10.Ng3 Qb8 11.h4 d5 12.exd5 Nxd5 13.Nxd5 exd5 14.O-O Qc8 15.
Qxd5 Bxg4 16.Bd2 O-O 17.Bc3 Bb4 18.Bxb4 Nxb4 19.Qe4 Nc6 20.Rfe1 Re8 21.Qf4
Rxe1+ 22.Rxe1 Qd7 23.c3 Rd8 24.b4 Be6 25.Ne4 b6 26.Bf3 Ne7 27.h5 Kf8 28.a3
Nd5 29.Qe5 Qc7 30.Qxc7 1/2-1/2

[Event "Solingen it"]
[Site "Solingen GER"]
[Date "1974.07.??"]
[Round "7"]
[White "Gerusel, Mathias"]
[Black "Honfi, Karoly"]
[Result "1-0"]
[WhiteElo "2420"]
[BlackElo "2470"]
[EventDate "1974.07.??"]
[PlyCount "104"]

1.c4 e5 2.Nc3 Nf6 3.g3 g6 4.Bg2 Bg7 5.Nf3 d6 6.d3 Nc6 7.O-O O-O 8.Rb1 Nd4 
9.b4 a6 10.a4 Rb8 11.e3 Nxf3+ 12.Bxf3 Bh3 13.Re1 Nd7 14.b5 axb5 15.axb5 f5
16.Qc2 Kh8 17.Bh1 g5 18.Bg2 Bxg2 19.Kxg2 f4 20.f3 fxg3 21.hxg3 Qf6 22.Qe2 
g4 23.fxg4 Nc5 24.Rd1 Rf7 25.Ba3 Ne6 26.Rf1 Qg6 27.Rxf7 Qxf7 28.Ne4 Ra8 
29.Bb2 Qe7 30.Bc3 Ng5 31.Nxg5 Qxg5 32.Ra1 Rxa1 33.Bxa1 Bh6 34.Kf2 Qf6+ 35.
Qf3 Qxf3+ 36.Kxf3 Kg8 37.Bc3 Kf7 38.Ke4 Ke6 39.d4 exd4 40.exd4 c6 41.d5+ 
cxd5+ 42.cxd5+ Kf7 43.Bb4 Ke7 44.Kf5 Be3 45.Ba3 Bc5 46.Bc1 Kf7 47.Kg5 Kg7 
48.Bb2+ Kf7 49.Kh6 Kg8 50.Bc1 Bd4 51.Bf4 Bg7+ 52.Kg5 1-0

[Event "Solingen it"]
[Site "Solingen GER"]
[Date "1974.07.??"]
[Round "7"]
[White "Uhlmann, Wolfgang"]
[Black "Lehmann, Heinz"]
[Result "1-0"]
[WhiteElo "2550"]
[BlackElo "2395"]
[EventDate "1974.07.??"]
[PlyCount "132"]

1.c4 e5 2.Nc3 Nc6 3.Nf3 Nf6 4.g3 g6 5.d4 exd4 6.Nxd4 Bg7 7.Nxc6 bxc6 8.Bg2
O-O 9.O-O a5 10.Qa4 Ra6 11.c5 Qe7 12.Be3 Ra8 13.Rad1 Ba6 14.Rd2 Rfd8 15.
Qh4 h6 16.Bxh6 Bxh6 17.Qxh6 Qxc5 18.Qf4 Ne8 19.Rfd1 Qa7 20.Rd4 Bb7 21.Re4 
Qb8 22.h4 d5 23.Re5 Ng7 24.Na4 Rf8 25.Bh3 Bc8 26.Bxc8 Qxc8 27.Nc5 Rb8 28.
b3 Rb5 29.Rc1 Qd8 30.Nd3 Qd6 31.Re3 Nf5 32.Rf3 c5 33.Kf1 Re8 34.g4 Re4 35.
Qxd6 Nxd6 36.Rf4 Rxf4 37.Nxf4 c6 38.Nd3 Nb7 39.Rc3 a4 40.bxa4 Ra5 41.Nb2 
c4 42.Ke1 Ra6 43.Kd1 Nd6 44.Kc2 c5 45.Rf3 Kg7 46.Rf4 f6 47.g5 fxg5 48.hxg5
Ne4 49.Rxe4 dxe4 50.Kc3 Kf7 51.Kxc4 Rd6 52.a5 Rd2 53.Kc3 e3 54.fxe3 Rxe2 
55.a6 Rxe3+ 56.Kc4 Ra3 57.Kb5 Rxa2 58.Na4 Rh2 59.a7 Rh8 60.Nxc5 Ke7 61.Kc6
Rg8 62.Kb7 Kd6 63.Ne4+ Ke5 64.Nf6 Rg7+ 65.Kb6 Rxa7 66.Kxa7 1-0

[Event "Solingen it"]
[Site "Solingen GER"]
[Date "1974.07.??"]
[Round "8"]
[White "Lehmann, Heinz"]
[Black "Szabo, Laszlo"]
[Result "0-1"]
[WhiteElo "2395"]
[BlackElo "2555"]
[EventDate "1974.07.??"]
[PlyCount "142"]

1.e4 c5 2.Nf3 d6 3.d4 cxd4 4.Nxd4 e6 5.c4 Nf6 6.Nc3 Be7 7.Be2 Nc6 8.Be3 
O-O 9.O-O Bd7 10.Qd2 a6 11.f3 Rb8 12.Rfd1 Qc7 13.Rac1 Ne5 14.Bf1 Rfc8 15.
b3 b6 16.Qf2 Qb7 17.a4 Ng6 18.g3 d5 19.exd5 exd5 20.Nxd5 Nxd5 21.cxd5 Ne5 
22.Bg2 Rxc1 23.Bxc1 Bc5 24.Be3 Re8 25.h3 Bxa4 26.bxa4 Nc4 27.Bc1 Qxd5 28.
f4 Qd6 29.Kh1 Rd8 30.Qa2 b5 31.axb5 axb5 32.Bb2 Nxb2 33.Qxb2 b4 34.Qb3 
Bxd4 35.Qc4 g6 36.Be4 Kg7 37.Kg2 Qb6 38.Bc2 Qb7+ 39.Kh2 Qf3 40.Qf1 Qc3 41.
Qe2 Re8 42.Qd2 Qxd2+ 43.Rxd2 Bc3 44.Rg2 Re3 45.g4 Rf3 46.Re2 Rxf4 47.Kg2 
Bf6 48.Rf2 Rxf2+ 49.Kxf2 Kh6 50.Bb3 Bh4+ 51.Kf3 f6 52.Kf4 Bg5+ 53.Kf3 Bd2 
54.Bg8 f5 55.Ke2 Bc3 56.Kf3 Kg7 57.Bb3 Ba1 58.gxf5 gxf5 59.Ke2 Bc3 60.Ke3 
Kf6 61.Bc2 Ke5 62.h4 Be1 63.h5 h6 64.Bd1 Bh4 65.Ba4 Be7 66.Bb3 Bg5+ 67.Kd3
Kf4 68.Be6 Be7 69.Kd4 Bd6 70.Bc4 Kg3 71.Kd5 Bf8 0-1

[Event "Solingen it"]
[Site "Solingen GER"]
[Date "1974.07.??"]
[Round "8"]
[White "Westerinen, Heikki"]
[Black "Liberzon, Vladimir"]
[Result "1/2-1/2"]
[WhiteElo "2465"]
[BlackElo "2515"]
[EventDate "1974.07.??"]
[PlyCount "72"]

1.e4 c5 2.Nf3 Nc6 3.d4 cxd4 4.Nxd4 e6 5.Nc3 d6 6.Be2 Nf6 7.O-O Be7 8.Be3 
Bd7 9.Nb3 a6 10.a4 Na5 11.Nd4 Nc6 12.Nb3 Na5 13.Nd2 O-O 14.f4 Bc6 15.Bd4 
e5 16.Be3 d5 17.fxe5 d4 18.exf6 Bxf6 19.b4 dxe3 20.Ndb1 Qxd1 21.Rxd1 Bxe4 
22.bxa5 Bxc2 23.Rc1 Bg6 24.Na3 Rfc8 25.Nc4 Rc5 26.Nb6 Rd8 27.Ncd5 Rcxd5 
28.Nxd5 Rxd5 29.Rc8+ Rd8 30.Rac1 Bf5 31.Rxd8+ Bxd8 32.g4 Be6 33.Rb1 Bxa5 
34.Rxb7 h5 35.g5 Bg4 36.Kf1 1/2-1/2

[Event "Solingen it"]
[Site "Solingen GER"]
[Date "1974.07.??"]
[Round "8"]
[White "Capelan, Guenther"]
[Black "Polugaevsky, Lev"]
[Result "1/2-1/2"]
[WhiteElo "2410"]
[BlackElo "2630"]
[EventDate "1974.07.??"]
[PlyCount "39"]

1.e4 c5 2.Nf3 d6 3.d4 cxd4 4.Nxd4 Nf6 5.Nc3 a6 6.Bg5 e6 7.f4 Nbd7 8.Qf3 
Qc7 9.O-O-O b5 10.e5 Bb7 11.Qh3 dxe5 12.Nxe6 fxe6 13.Qxe6+ Be7 14.Bxf6 
gxf6 15.Be2 h5 16.Nd5 Bxd5 17.Rxd5 Nb6 18.Bxh5+ Rxh5 19.Qg8+ Bf8 20.Qe6+ 
1/2-1/2

[Event "Solingen it"]
[Site "Solingen GER"]
[Date "1974.07.??"]
[Round "8"]
[White "Clemens, Christian"]
[Black "Kavalek, Lubomir"]
[Result "0-1"]
[WhiteElo "2370"]
[BlackElo "2625"]
[EventDate "1974.07.??"]
[Source "PGN Mentor"]
[PlyCount "112"]

1.Nf3 Nf6 2.g3 g6 3.Bg2 Bg7 4.O-O O-O 5.d4 c6 6.b3 d6 7.Bb2 a5 8.a4 Nbd7 
9.Nbd2 Qc7 10.e4 e5 11.Re1 exd4 12.Nxd4 Re8 13.c4 Nc5 14.Qc2 Qb6 15.h3 
Nfd7 16.N2f3 Ne5 17.Re3 Bh6 18.Rae1 Bxe3 19.Rxe3 f6 20.Nh2 Ne6 21.Ne2 Ng7 
22.g4 Ne6 23.Qc3 g5 24.h4 Nf4 25.hxg5 Nxe2+ 26.Rxe2 fxg5 27.Qd2 h6 28.Qxd6
Re6 29.Qd1 Qc7 30.Rd2 Nf7 31.Nf3 Rd6 32.Nd4 Ne5 33.c5 Rd8 34.Nf3 Rxd2 35.
Qxd2 Nxf3+ 36.Bxf3 Be6 37.Qc3 Kh7 38.Be2 Qf7 39.f3 Bxb3 40.Kg2 Be6 41.Qd4 
Rg8 42.Bd3 h5 43.e5+ Kh6 44.Qd6 hxg4 45.fxg4 Re8 46.Bf5 Kg7 47.Qd2 Qe7 48.
Qxa5 Qd8 49.Qc3 Qd5+ 50.Kg3 Qh1 51.Qb4 Qh4+ 52.Kg2 Bxf5 53.Qxb7+ Kf8 54.
gxf5 Qg4+ 55.Kf2 Rd8 56.Bc3 Qxf5+ 0-1

[Event "Solingen it"]
[Site "Solingen GER"]
[Date "1974.07.??"]
[Round "8"]
[White "Hecht, Hans-Joachim"]
[Black "Gerusel, Mathias"]
[Result "1/2-1/2"]
[WhiteElo "2515"]
[BlackElo "2420"]
[EventDate "1974.07.??"]
[PlyCount "48"]

1.e4 c5 2.Nf3 e6 3.d3 Nc6 4.g3 Nge7 5.Bg2 g6 6.O-O Bg7 7.Re1 O-O 8.e5 d6 
9.exd6 Qxd6 10.Nbd2 Qd8 11.Nc4 b6 12.Nfe5 Bb7 13.h4 h5 14.a4 Qc7 15.Bf4 
Nxe5 16.Bxe5 Bxe5 17.Nxe5 Bxg2 18.Kxg2 Nc6 19.Nxc6 Qxc6+ 20.Qf3 Qxf3+ 21.
Kxf3 a5 22.Re4 Rfd8 23.Ke3 Kf8 24.Ra3 Rac8 1/2-1/2

[Event "Solingen it"]
[Site "Solingen GER"]
[Date "1974.07.??"]
[Round "9"]
[White "Szabo, Laszlo"]
[Black "Kurajica, Bojan"]
[Result "1/2-1/2"]
[WhiteElo "2555"]
[BlackElo "2510"]
[EventDate "1974.07.??"]
[PlyCount "38"]

1.d4 d5 2.c4 e6 3.Nc3 Be7 4.Nf3 Nf6 5.Bg5 O-O 6.e3 h6 7.Bh4 b6 8.Bd3 Bb7 
9.O-O Nbd7 10.Qe2 c5 11.cxd5 Nxd5 12.Bxe7 Qxe7 13.Nxd5 Bxd5 14.Rfd1 Rfd8 
15.e4 Bb7 16.Rac1 Rac8 17.Ba6 Bxa6 18.Qxa6 Rc7 19.b4 Nf6 1/2-1/2

[Event "Solingen it"]
[Site "Solingen GER"]
[Date "1974.07.??"]
[Round "9"]
[White "Polugaevsky, Lev"]
[Black "Honfi, Karoly"]
[Result "1-0"]
[WhiteElo "2630"]
[BlackElo "2470"]
[EventDate "1974.07.??"]
[Source "Varnusz: Play Anti-Indian Systems"]
[PlyCount "77"]

1.d4 Nf6 2.Nf3 g6 3.g3 Bg7 4.Bg2 d6 5.O-O O-O 6.b3 Nbd7 7.Bb2 e5 8.dxe5 
Ng4 9.c4 dxe5 10.h3 Nh6 11.e4 f6 12.Nc3 Nf7 13.h4 c6 14.h5 Bh6 15.Nh4 Kg7 
16.Qe2 Qc7 17.Rad1 Rd8 18.Na4 Nf8 19.Rxd8 Qxd8 20.hxg6 hxg6 21.f4 b6 22.
Qf2 Qe7 23.Nc3 Bg4 24.Nd1 Bxd1 25.Rxd1 Rd8 26.Rf1 Ne6 27.Qe2 Qc5+ 28.Kh1 
Rh8 29.Qg4 Nf8 30.Bh3 Rh7 31.Kg2 Qa5 32.Rf2 Qe1 33.fxe5 Nxe5 34.Bxe5 fxe5 
35.Nf5+ Kg8 36.Nxh6+ Rxh6 37.Qf3 Nh7 38.Qf7+ Kh8 39.Qe8+ 1-0

[Event "Solingen it"]
[Site "Solingen GER"]
[Date "1974.07.??"]
[Round "9"]
[White "Liberzon, Vladimir"]
[Black "Clemens, Christian"]
[Result "1-0"]
[WhiteElo "2515"]
[BlackElo "2370"]
[EventDate "1974.07.??"]
[PlyCount "90"]

1.e4 Nf6 2.e5 Nd5 3.d4 d6 4.Nf3 g6 5.Bc4 c6 6.O-O Bg7 7.exd6 Qxd6 8.Nbd2 
O-O 9.Ne4 Qc7 10.h3 b6 11.Bb3 Nd7 12.Re1 Bb7 13.c4 N5f6 14.Nc3 Rfe8 15.Bg5
e6 16.Qd2 a6 17.Bf4 Qd8 18.a4 b5 19.c5 b4 20.Ne4 Nxe4 21.Rxe4 a5 22.Bd6 
Nf6 23.Ree1 Ba6 24.Ne5 Qc8 25.Qf4 Ra7 26.Re3 Nd5 27.Bxd5 exd5 28.Rae1 f6 
29.Ng4 Rxe3 30.Rxe3 Qd8 31.Re6 f5 32.Nh6+ Bxh6 33.Qxh6 Bc8 34.Re5 Rf7 35.
Qe3 Bd7 36.Be7 Qc8 37.Bg5 Qf8 38.Qf4 h5 39.f3 Kh7 40.Kh2 Bc8 41.Qh4 Ba6 
42.Qe1 Bc4 43.Re8 Qg7 44.Qe6 Ra7 45.Bf6 1-0

[Event "Solingen it"]
[Site "Solingen GER"]
[Date "1974.07.??"]
[Round "9"]
[White "Eising, Johannes"]
[Black "Lehmann, Heinz"]
[Result "1-0"]
[WhiteElo "2405"]
[BlackElo "2395"]
[EventDate "1974.07.??"]
[PlyCount "126"]

1.g3 g6 2.Bg2 Bg7 3.c4 Nh6 4.Nc3 Nc6 5.e4 e5 6.d3 d6 7.Nge2 Be6 8.O-O O-O 
9.Bd2 f6 10.Nd5 Qd7 11.b4 Nd8 12.b5 f5 13.Rb1 c6 14.bxc6 bxc6 15.Ndc3 Nb7 
16.exf5 gxf5 17.Qa4 Nd8 18.f4 Qe8 19.Qa3 Nhf7 20.Kh1 Qd7 21.Qa4 Qc8 22.Be3
Bd7 23.Qd1 Nh8 24.fxe5 dxe5 25.d4 Ng6 26.Qd2 Nf7 27.Na4 Qc7 28.Nc5 Rad8 
29.Rb7 Qd6 30.Nxd7 Rxd7 31.c5 Qe7 32.Rxd7 Qxd7 33.dxe5 Qxd2 34.Bxd2 Nfxe5 
35.Nf4 Rb8 36.Ne6 Rb2 37.Be3 Rc2 38.Bd4 Bh6 39.Rxf5 Rxa2 40.h4 Ng4 41.Bf3 
Nf2+ 42.Kg1 Nd3 43.Be4 Nb4 44.Kf1 Nc2 45.Bxc2 Rxc2 46.Rf6 Rc4 47.Ke2 Bg7 
48.Nxg7 Rxd4 49.Ne6 Re4+ 50.Kd2 Re5 51.g4 h5 52.Rxg6+ Kf7 53.gxh5 Rxh5 54.
Rg5 Rh6 55.Nf4 Rxh4 56.Ke3 Rh1 57.Rh5 Rxh5 58.Nxh5 a5 59.Kd4 a4 60.Kc4 Ke6
61.Kb4 Kd5 62.Nf6+ Ke5 63.Nd7+ 1-0

[Event "Solingen it"]
[Site "Solingen GER"]
[Date "1974.07.??"]
[Round "9"]
[White "Uhlmann, Wolfgang"]
[Black "Westerinen, Heikki"]
[Result "0-1"]
[WhiteElo "2550"]
[BlackElo "2465"]
[EventDate "1974.07.??"]
[PlyCount "104"]

1.c4 Nf6 2.Nc3 g6 3.e4 d6 4.d4 Bg7 5.Be2 O-O 6.Bg5 h6 7.Be3 e5 8.d5 Nbd7 
9.Qd2 h5 10.f3 Nh7 11.Nh3 Nc5 12.Nf2 a5 13.O-O-O b6 14.g4 h4 15.g5 a4 16.
Rdg1 Bd7 17.Ng4 c6 18.dxc6 Bxc6 19.Rd1 Ne6 20.Qxd6 Qxd6 21.Rxd6 Rfc8 22.
Nd5 Bxd5 23.exd5 Nd4 24.Bxd4 exd4 25.Rxb6 Nxg5 26.Nf6+ Kh8 27.Rg1 d3 28.
Bxd3 Nxf3 29.Rg4 Bxf6 30.Rxf6 Ne5 31.Rd4 Kg7 32.Rff4 g5 33.Rfe4 Nf3 34.d6 
Nxd4 35.Rxd4 Kf6 36.Kd2 Ra5 37.b4 axb3 38.axb3 Ke5 39.Kc3 Rd8 40.d7 f5 41.
h3 Ke6 42.b4 Re5 43.c5 Rxd7 44.Rxd7 Kxd7 45.Kd4 Ke6 46.Bc4+ Kf6 47.c6 Re4+
48.Kc5 Ke7 49.Bd3 Re3 50.Bb1 g4 51.Kd4 Rf3 52.Ke5 g3 0-1

[Event "Solingen it"]
[Site "Solingen GER"]
[Date "1974.07.??"]
[Round "9"]
[White "Kavalek, Lubomir"]
[Black "Capelan, Guenther"]
[Result "1-0"]
[WhiteElo "2625"]
[BlackElo "2410"]
[EventDate "1974.07.??"]
[PlyCount "89"]

1.e4 c5 2.Nf3 e6 3.d4 cxd4 4.Nxd4 a6 5.Bd3 Bc5 6.Nb3 Ba7 7.Qe2 Nc6 8.Nc3 
d6 9.Be3 Bxe3 10.Qxe3 Nf6 11.O-O-O O-O 12.f4 Qc7 13.Rhg1 b5 14.g4 b4 15.g5
Ne8 16.Na4 Rb8 17.e5 dxe5 18.Rdf1 g6 19.Nac5 exf4 20.Rxf4 Ne5 21.Be2 a5 
22.Nxa5 Qxa5 23.Qxe5 Qxa2 24.Rg3 Rb6 25.Rd3 Ba6 26.Nd7 Bxd3 27.Bxd3 Rd6 
28.Nxf8 Rd5 29.Qb8 Kxf8 30.Qxb4+ Nd6 31.h4 e5 32.Qa4 Qxa4 33.Rxa4 Kg7 34.
Be4 Rd4 35.Rxd4 exd4 36.Bd5 h6 37.Kd2 hxg5 38.hxg5 f6 39.Kd3 Nf5 40.b4 
fxg5 41.b5 Ne7 42.Bg2 Nc8 43.Kxd4 Kf6 44.Kc5 Ke5 45.c4 1-0

[Event "Solingen it"]
[Site "Solingen GER"]
[Date "1974.07.??"]
[Round "10"]
[White "Clemens, Christian"]
[Black "Uhlmann, Wolfgang"]
[Result "1/2-1/2"]
[WhiteElo "2370"]
[BlackElo "2550"]
[EventDate "1974.07.??"]
[PlyCount "112"]

1.g3 g6 2.Bg2 Bg7 3.d4 Nf6 4.e4 d6 5.Ne2 O-O 6.O-O e5 7.Nbc3 c6 8.a4 Nbd7 
9.a5 Re8 10.h3 Qc7 11.Re1 exd4 12.Nxd4 Nc5 13.Bf4 Nfd7 14.Be3 Nf6 15.Bf4 
Bd7 16.Nb3 Nxb3 17.cxb3 Re6 18.b4 Rae8 19.Qd2 Bc8 20.Rad1 Bf8 21.g4 Qe7 
22.Be3 Nd7 23.b5 a6 24.bxa6 bxa6 25.f4 f5 26.Bf2 fxg4 27.hxg4 g5 28.f5 Re5
29.Bg3 Qg7 30.Bxe5 Rxe5 31.Bf1 Nf6 32.Qg2 Rxa5 33.Ra1 Qa7+ 34.Kh1 Re5 35.
Bc4+ Kh8 36.Qg1 Qxg1+ 37.Kxg1 a5 38.Be2 Nd7 39.Ra2 Be7 40.Rea1 Bd8 41.Rb1 
h5 42.b4 hxg4 43.b5 Bb7 44.bxc6 Bxc6 45.Bb5 Bxb5 46.Rxb5 Bb6+ 47.Kg2 Bd4 
48.Rb7 Bxc3 49.Rxd7 Rxe4 50.Rc2 Re3 51.Rxd6 Kg7 52.Rf2 Bf6 53.Ra6 Re5 54.
Ra7+ Re7 55.Rxe7+ Bxe7 56.Kg3 Bc5 1/2-1/2

[Event "Solingen it"]
[Site "Solingen GER"]
[Date "1974.07.??"]
[Round "10"]
[White "Capelan, Guenther"]
[Black "Liberzon, Vladimir"]
[Result "1/2-1/2"]
[WhiteElo "2410"]
[BlackElo "2515"]
[EventDate "1974.07.??"]
[PlyCount "124"]

1.e4 c5 2.Nf3 Nc6 3.d4 cxd4 4.Nxd4 e6 5.Nc3 a6 6.Be3 Qc7 7.Bd3 Nf6 8.Qe2 
d6 9.O-O Be7 10.f4 O-O 11.Kh1 Bd7 12.Nf3 b5 13.Rae1 Nb4 14.e5 Ne8 15.Bd2 
Nxd3 16.cxd3 Bc6 17.Rc1 Qb7 18.Nd4 dxe5 19.fxe5 Rd8 20.Nxc6 Qxc6 21.a3 Qd7
22.Rf3 f5 23.exf6 Rxf6 24.Rg3 Nd6 25.Bg5 Nf5 26.Rh3 Rg6 27.Bxe7 Qxe7 28.
Rf1 b4 29.axb4 Qxb4 30.Ne4 Rb8 31.g4 Nd4 32.Qf2 Rf8 33.Qxf8+ Qxf8 34.Rxf8+
Kxf8 35.g5 e5 36.Rxh7 Rb6 37.Nc5 Rxb2 38.Rh3 a5 39.Nd7+ Ke7 40.Nxe5 a4 41.
Re3 Re2 42.Rxe2 Nxe2 43.Nc4 Nf4 44.Kg1 Ke6 45.Kf2 Nxd3+ 46.Ke2 Ne5 47.Ne3 
a3 48.Nc2 a2 49.Kd2 Nf3+ 50.Kc3 Kf5 51.Kb2 Kxg5 52.Kxa2 Nxh2 53.Nd4 g6 54.
Kb3 Kf4 55.Ne6+ Kf5 56.Nd4+ Ke4 57.Ne6 Kf5 58.Nd4+ Ke5 59.Kc4 Ke4 60.Ne6 
Kf5 61.Nf8 g5 62.Nh7 1/2-1/2

[Event "Solingen it"]
[Site "Solingen GER"]
[Date "1974.07.??"]
[Round "10"]
[White "Kurajica, Bojan"]
[Black "Eising, Johannes"]
[Result "1-0"]
[WhiteElo "2510"]
[BlackElo "2405"]
[EventDate "1974.07.??"]
[PlyCount "52"]

1.e4 c5 2.Nf3 e6 3.d4 cxd4 4.Nxd4 Nf6 5.Nc3 d6 6.g4 a6 7.g5 Nfd7 8.h4 Nc6 
9.f4 Be7 10.Be3 O-O 11.Bh3 Qa5 12.O-O Nxd4 13.Qxd4 d5 14.exd5 Bc5 15.Qd3 
exd5 16.Kh2 Bxe3 17.Qxe3 Nb6 18.Bg2 Qb4 19.Rad1 Bf5 20.Nxd5 Nxd5 21.Rxd5 
Bxc2 22.Qd2 Qxb2 23.Rc5 Rac8 24.Rxc8 Rxc8 25.Rc1 Qxa2 26.Bxb7 1-0

[Event "Solingen it"]
[Site "Solingen GER"]
[Date "1974.07.??"]
[Round "11"]
[White "Lehmann, Heinz"]
[Black "Kurajica, Bojan"]
[Result "1/2-1/2"]
[WhiteElo "2395"]
[BlackElo "2510"]
[EventDate "1974.07.??"]
[PlyCount "84"]

1.Nf3 g6 2.e4 Bg7 3.d4 d6 4.Nc3 c6 5.Be2 Nd7 6.a4 Qc7 7.O-O Ngf6 8.h3 O-O 
9.Be3 e5 10.a5 Re8 11.dxe5 dxe5 12.Bc4 Nf8 13.Ng5 Be6 14.Nxe6 Nxe6 15.Bxe6
Rxe6 16.Qe2 Bf8 17.Qc4 Ne8 18.Rfd1 Nd6 19.Qd3 Ree8 20.f3 b5 21.axb6 axb6 
22.b3 b5 23.Bf2 Nb7 24.Qf1 Bb4 25.Na2 Be7 26.Nc3 Nc5 27.Rxa8 Rxa8 28.Ra1 
Rd8 29.Rd1 Ne6 30.Ne2 Ra8 31.Ra1 Rxa1 32.Qxa1 Qd6 33.Kf1 h5 34.Be3 Bg5 35.
Bf2 h4 36.Qe1 Kg7 37.Qa1 Qd2 38.Qb1 f6 39.Be1 Qd6 40.Qa1 Qc5 41.Qd1 Kh6 
42.Qd7 Ng7 1/2-1/2

[Event "Solingen it"]
[Site "Solingen GER"]
[Date "1974.07.??"]
[Round "11"]
[White "Polugaevsky, Lev"]
[Black "Gerusel, Mathias"]
[Result "1/2-1/2"]
[WhiteElo "2630"]
[BlackElo "2420"]
[EventDate "1974.07.??"]
[PlyCount "86"]

1.Nf3 Nf6 2.g3 d5 3.Bg2 c6 4.b3 Bf5 5.Bb2 e6 6.d4 h6 7.Nbd2 a5 8.a3 Be7 9.
e4 Bh7 10.O-O O-O 11.Ne1 Nfd7 12.f4 f5 13.exf5 exf5 14.Nd3 Na6 15.Kh1 Nc7 
16.c4 Re8 17.Qc2 Bf6 18.b4 Be7 19.Bh3 Rf8 20.Rae1 g6 21.Ne5 h5 22.Nxd7 
Qxd7 23.Nf3 Kg7 24.Ne5 Qd8 25.a4 Ne8 26.Nd3 Bg8 27.Nc5 Nd6 28.Bg2 Bf6 29.
cxd5 cxd5 30.Qd2 Re8 31.Rxe8 Qxe8 32.Rc1 b6 33.Nd3 Rc8 34.Ne5 Ne4 35.Qe3 
Be6 36.Bf1 Rxc1 37.Qxc1 Qc8 38.Bb5 h4 39.Kg2 Qxc1 40.Bxc1 hxg3 41.hxg3 Be7
42.Be8 Bd6 43.Be3 Nf6 1/2-1/2

[Event "Solingen it"]
[Site "Solingen GER"]
[Date "1974.07.??"]
[Round "11"]
[White "Liberzon, Vladimir"]
[Black "Honfi, Karoly"]
[Result "1/2-1/2"]
[WhiteElo "2515"]
[BlackElo "2470"]
[EventDate "1974.07.??"]
[PlyCount "112"]

1.e4 c5 2.Nf3 e6 3.d4 cxd4 4.Nxd4 a6 5.Nc3 Qc7 6.g3 Bb4 7.Ne2 Nf6 8.a3 Be7
9.Bg2 Nc6 10.O-O O-O 11.h3 d6 12.g4 b5 13.Ng3 Rb8 14.g5 Nd7 15.f4 a5 16.
Kh2 b4 17.axb4 axb4 18.Nce2 Re8 19.f5 Bf8 20.f6 g6 21.h4 Nce5 22.h5 b3 23.
c3 Nc5 24.hxg6 hxg6 25.Nf4 Ba6 26.Rh1 Bc4 27.Nf1 d5 28.Qe1 Ncd3 29.Qh4 Bc5
30.Be3 Bxe3 31.Nxe3 Nxf4 32.Qxf4 Be2 33.Kg3 dxe4 34.Bxe4 Red8 35.Rh2 Bh5 
36.Rah1 Rbc8 37.Rxh5 gxh5 38.Rxh5 Ng6 39.Bxg6 Qxf4+ 40.Kxf4 fxg6 41.Rh6 
Kf7 42.Rh7+ Ke8 43.Re7+ Kf8 44.Rb7 Rc5 45.Rxb3 Ra8 46.Rb7 Ra1 47.Rg7 Rb1 
48.Rxg6 Rxb2 49.c4 Rh2 50.Rg7 Rh4+ 51.Kg3 Rh1 52.Ng2 Rh5 53.Kg4 Rhxg5+ 54.
Rxg5 Rxc4+ 55.Kh5 Kf7 56.Ne3 Rc1 1/2-1/2

[Event "Solingen it"]
[Site "Solingen GER"]
[Date "1974.07.??"]
[Round "11"]
[White "Eising, Johannes"]
[Black "Westerinen, Heikki"]
[Result "0-1"]
[WhiteElo "2405"]
[BlackElo "2465"]
[EventDate "1974.07.??"]
[PlyCount "68"]

1.d4 g6 2.e4 Bg7 3.c4 d6 4.Nc3 Nd7 5.Be3 e5 6.d5 Ne7 7.g4 O-O 8.Qd2 f5 9.
f3 Nc5 10.h3 Bd7 11.Nge2 fxe4 12.fxe4 Nc8 13.O-O-O Nb6 14.Ng1 Nba4 15.Nge2
a6 16.b4 Nxc3 17.Nxc3 Na4 18.Be2 Qh4 19.Nxa4 Bxa4 20.Rdg1 Qe7 21.g5 Rf4 
22.Bd3 c6 23.Rf1 Qxg5 24.Rxf4 exf4 25.Bxf4 Qf6 26.e5 dxe5 27.Bg5 Qf3 28.
Rf1 Qxh3 29.Qe2 cxd5 30.cxd5 e4 31.Qxe4 Rc8+ 32.Kb1 Bc2+ 33.Bxc2 Qxf1+ 34.
Bc1 Qf6 0-1

[Event "Solingen it"]
[Site "Solingen GER"]
[Date "1974.07.??"]
[Round "11"]
[White "Uhlmann, Wolfgang"]
[Black "Capelan, Guenther"]
[Result "1-0"]
[WhiteElo "2550"]
[BlackElo "2410"]
[EventDate "1974.07.??"]
[PlyCount "83"]

1.c4 e6 2.Nc3 d5 3.d4 c6 4.Nf3 Nf6 5.e3 Nbd7 6.Bd3 dxc4 7.Bxc4 b5 8.Bd3 b4
9.Ne4 Nxe4 10.Bxe4 Bb7 11.O-O Be7 12.Qc2 Rc8 13.Bxh7 c5 14.Be4 cxd4 15.Qd3
Bxe4 16.Qxe4 dxe3 17.Bxe3 Nf6 18.Qb7 Rc7 19.Qb5+ Kf8 20.Bf4 Rd7 21.Rac1 
Rd5 22.Qb7 Qb6 23.Rc8+ Ne8 24.Qa8 Rd8 25.Rxd8 Qxd8 26.Qxa7 f6 27.Nd4 Qd5 
28.Rc1 g5 29.Nc6 Rh7 30.Be3 Qd6 31.g3 Kg8 32.Qa4 Bf8 33.Rd1 Qc7 34.Rd8 Nd6
35.Qa8 Rf7 36.Bc5 Kg7 37.Bxb4 e5 38.g4 Qb7 39.Qxb7 Nxb7 40.Bxf8+ Rxf8 41.
Rxf8 Kxf8 42.a4 1-0

[Event "Solingen it"]
[Site "Solingen GER"]
[Date "1974.07.??"]
[Round "11"]
[White "Szabo, Laszlo"]
[Black "Clemens, Christian"]
[Result "1/2-1/2"]
[WhiteElo "2555"]
[BlackElo "2370"]
[EventDate "1974.07.??"]
[PlyCount "37"]

1.e4 g6 2.d4 c6 3.c4 d5 4.exd5 cxd5 5.Nc3 Nf6 6.cxd5 Bg7 7.Bc4 O-O 8.Nge2 
Na6 9.O-O Nc7 10.Nf4 a6 11.a4 b6 12.Qb3 Rb8 13.Be2 b5 14.axb5 axb5 15.Nd3 
Nfxd5 16.Nxd5 Nxd5 17.Bf3 Be6 18.Nc5 Nc7 19.Nxe6 1/2-1/2